000 00486nam a2200193Ia 4500
005 20250508152044.0
008 008 250505s9999 xx 000 0 eng d
037 _aTextual
040 _aFEDL
_beng
_cFEDL
041 _aeng
_2eng
084 _a371.5, IND
_qFEDL
245 0 _aPlan for youth welfare
245 0 _cIndia. Ministry of Education
260 _c1956
300 _a67p.
365 _aINR
_b0.6
942 _cTEXL
_h371.5, IND
999 _c1333965
_d1333965